Statystyki dla 20 Najpotężniejszych armii w historii

Kliknij tutaj aby rozwiązać quiz!

Ogólne statystyki

  • Ten quiz został rozwiązany 143 razy
    (56 od ostatniego zresetowania)
  • Średni wynik to 13 z 20

Statystyki odpowiedzi

Wygrane BitwyPaństwo% Poprawnych
344Polska
98%
1115Francja
98%
833Stany Zjednoczone/USA
96%
491Rosja
96%
244Chiny
96%
425Niemcy
93%
132Włochy
93%
1105Wielka Brytania
93%
387Hiszpania
91%
183Japonia
89%
210Turcja
87%
165Szwecja
78%
209Austria
58%
137Australia
51%
114Holandia
51%
259Rzym
36%
107Cesarstwo Bizantyjskie
9%
135Prusy
7%
128Stany Skonfederowane
0%
108Kalifad Islamski
0%

Rozkład punktacji

Percentyl według liczby udzielonych odpowiedzi

Procent ludzi z każdym wynikiem

Twoja historia wyników

Nie rozwiązałeś tego quizu od ostatniego zresetowania